000 00364nam a22001217a 4500
008 230703b xxu||||| |||| 00| 0 eng d
082 _a342.678
_bTAN
100 _cJamuhuri ya Muungano wa tanzania
245 _aKatiba ya Jamuhuri ya Muungano wa Tanzania mwaka 1977
260 _aTanzania
_bJamuhuri ya Muungano wa Tanzania
_c2005
300 _a129p
942 _2ddc
_cBK
999 _c3317
_d3317